| 000 | 00966nam a2200265Ia 4500 | ||
|---|---|---|---|
| 003 | OSt | ||
| 005 | 20220923211551.0 | ||
| 006 | a|||||r|||| 00| 0 | ||
| 007 | ta | ||
| 008 | 220922b |||||||| |||| 00| 0 pan d | ||
| 020 |
_a9789384717990 (hbk) _c250 |
||
| 024 | _a352,620 | ||
| 037 |
_b1180, 22/01/2020, H.K. Prakashan _cTextual |
||
| 040 |
_aARTS _cARTS _bpan |
||
| 041 |
_2pan _apan |
||
| 082 | _aO153,3NWA,LP, Q8 | ||
| 100 |
_aਵਾਲ, ਬਿੰਦਰ ਕੋਲੀਆਂ, ਂਚ. _9160792 |
||
| 245 | 0 | _aਲਾਲ ਪਾਣੀ ਛੱਪੜਾਂ ਦੇ | |
| 260 |
_aਮੰਨਸਾ _b ਸਾਹਿਬਦੀਪ ਪਬਲੀਕੇF _c2018 |
||
| 300 |
_a205ਪ੍ਰ0 _ccm. |
||
| 650 | _a ਪੰਜਾਬੀ ਕਹਾਣੀ | ||
| 650 | _aਪੰਜਾਬੀ ਸਾਹਿਤ | ||
| 942 |
_hO153,3NWA,LP, Q8 _cTEXL _2CC |
||
| 999 |
_c300824 _d300824 |
||